مكتبة جامعة عجلون الوطنية

فهرس بحث المكتبة

Normal view MARC view
  • اللغة الفرنسية - القواميس - العربية - اللغة العربية - القواميس - الفرنسية

Entry Topical Term

Number of records used in: 1

001 - CONTROL NUMBER

  • control field: 51501

003 - CONTROL NUMBER IDENTIFIER

  • control field: JO-AjAnu

005 - DATE AND TIME OF LATEST TRANSACTION

  • control field: 20230606082455.0

008 - FIXED-LENGTH DATA ELEMENTS

  • fixed length control field: 230606|| aca||aabn | a|a d

040 ## - CATALOGING SOURCE

  • Original cataloging agency: JO-AjAnu
  • Transcribing agency: JO-AjAnu

150 ## - HEADING--TOPICAL TERM

  • Topical term or geographic name entry element: اللغة الفرنسية - القواميس - العربية - اللغة العربية - القواميس - الفرنسية

670 ## - SOURCE DATA FOUND

  • Source citation: Work cat.: (JO-AjAnu)26324: اعداد رانية احمد مشلب؛ إشراف جورج جميل, author 51500, Premier : le dictionnaire illustre des debutants : Francais-Francais Arabe = الأول: القاموس المصور للناشئين : فرنسي - فرنسي عربي